| 000 | 01671cam a22004334i 4500 | ||
|---|---|---|---|
| 003 | PE-LiUPU | ||
| 005 | 20250731184611.0 | ||
| 008 | 250523b |||||||| |||| 00| 0 spa d | ||
| 040 |
_bspa _cPE-LiUPU _erda _dPE-LiUPU |
||
| 049 | _aPRUA | ||
| 082 | 0 | 4 |
_a985.28 _bM385s _223 |
| 100 |
_aMartínez Grimaldo, Fedora, _eautora. _95282 |
||
| 245 | 1 | 0 |
_aSan Mateo de Otao Tradición e Identidad Histórica / _cFedora Martínez Grimaldo y Victor Hugo Velásquez Cabrera. |
| 264 | 1 |
_aLima : _bMunicipalidad Distrital de San Mateo de Otao, Universidad Ricardo Palma, _c2006. |
|
| 300 |
_a55 páginas : _bilustraciones, fotos a color ; _c28 cm. |
||
| 336 |
_atext _2rdacontent |
||
| 337 |
_aunmediated _2rdamedia |
||
| 338 |
_avolume _2rdacarrier |
||
| 504 | _aBibliografía: páginas 52-55 | ||
| 505 | _aEntorno ecológico y génesis territorial -- Orígenes, mitología y religión -- Organización administrativa, inca, virreinal y republicana -- Folklore, industrias culturales y turismo | ||
| 526 | _aP136 | ||
| 526 | _aP135 | ||
| 526 | _aP134 | ||
| 526 | _aP133 | ||
| 526 | _aP144 | ||
| 526 | _aP143 | ||
| 526 | _aP87 | ||
| 526 | _aP35 | ||
| 526 | _aP20 | ||
| 526 | _aP14 | ||
| 526 | _aP10 | ||
| 526 | _aP06 | ||
| 651 | 1 | 4 |
_aSan Mateo de Otao, Lima (Perú : Distrito) _xHistoria. _95283 |
| 651 | 2 | 4 |
_aSan Mateo de Otao, Lima (Perú : Distrito) _xGeografía. _95283 |
| 700 |
_aVelásquez Cabrera, Víctor Hugo, _eautor. _95284 |
||
| 942 |
_2ddc _cBK |
||
| 980 |
_618226 _aJaime Vilcazán Jefe de Análisis Documental _81 _gALBERTO SANCHEZ Responsable de Automatización |
||
| 999 |
_c62926 _d62925 |
||